00341nam a2200121 a 4500001000500000005001700005008004100022050002200063100002300085245004600108260004100154650002400195414020140414131846.0090218s19uu xx 00 eng d aM 220.9bL33 1991 aLashbrook, Marilyn aThe best day ever :bthe strory of Jesus. aFort Collins, CO :bTreasure,c1991. aBible stories, N.T.